01086nab a2200325 uc450000100070000000500170000700800410002403500110006503500210007604000130009704100080011010000350011824501280015365000210028165000210030265000180032365000190034165000280036065000180038865000270040665000260043365000190045965000300047865000240050865000290053265000310056170000390059270000380063177300910066980236120240827091516.0030327e20020930 spa  a802361 a(OCoLC)820014965 ccomduadb aspa10aRubio Delgado, Laura4auteaut10aDistribucion y regeneracion de Acacia pennatula, Schtdl. & Cham. Benth. en bosques perturbados del norte de Chiapas, Mexico aAcacia pennatula aEcologia vegetal aGerminación 7aSemillas2lemb aDistribución espacial 7aBosques2lemb aHábitat (Ecología) 7aDeforestación2lemb aBiogeografía aEcología de poblaciones aPoblación vegetal aFragmentacion de bosques 7aFisiología vegetal2lemb10aRamirez Marcial, Neptali4auteaut10aCastellanos Albores, J.4auteaut0 tBrenesia (San José)gNo. 057-058, Mar.-Sep. 2002, p. 67-84w188053x0304-3711082604